[Event "Tamil Nadu IM 10th"]
[Site "Chennai"]
[Date "2023.12.17"]
[Round "2"]
[White "Abdyzhapar, Asylbek"]
[Black "Karthik, Rajaa"]
[Result "1-0"]
[WhiteElo "2340"]
[BlackElo "2303"]
[PlyCount "123"]
[EventDate "2023.12.17"]
[EventType "tourn"]
[EventRounds "9"]
[EventCountry "IND"]
[EventCategory "1"]
[SourceTitle "CBM 217 Extra"]
[Source "ChessBase"]
[SourceDate "2024.01.31"]
[SourceVersion "1"]
[SourceVersionDate "2024.01.31"]
[SourceQuality "1"]

1. d4 Nf6 2. Nc3 d5 3. Bf4 g6 4. Nb5 Na6 5. e3 Bg7 6. h3 0-0 7. Nf3 Ne4 8. c3 c6 9. Na3 b5 10. Nc2 Qb6 11. a3 c5 12. Be2 Bb7 13. 0-0 Rac8 14. Ne5 Rfd8 15. f3 Nd6 16. Nd3 c4 17. Nf2 Nb8 18. Qd2 Nd7 19. Rae1 a5 20. Bd1 e5 21. Bh2 e4 22. Ng4 Nf5 23. Qf2 f6 24. Qd2 h5 25. Nf2 Qd6 26. g3 Qe6 27. g4 Nh4 28. Bg3 Nxf3+ 29. Bxf3 exf3 30. gxh5 gxh5 31. Qd1 Qf5 32. Kh2 Nf8 33. Nh1 Qd3 34. Rxf3 Qxd1 35. Rxd1 Bc6 36. Bh4 Nh7 37. Ng3 Be8 38. Nf5 Bg6 39. Rg1 Bxf5 40. Rxf5 Kf7 41. Rxh5 Nf8 42. e4 Ng6 43. Bg3 Ne7 44. Ne3 dxe4 45. Rxb5 Bh6 46. Ng4 Bg5 47. Re1 f5 48. Ne5+ Ke8 49. h4 Bd2 50. Re2 Bc1 51. Rxa5 f4 52. Be1 Be3 53. Ng4 Rb8 54. Nxe3 fxe3 55. Rxe3 Rxb2+ 56. Kh3 Nd5 57. Rxe4+ Kf7 58. Rc5 Nf6 59. Rf4 Re8 60. Bg3 Re6 61. d5 Ra6 62. Rc6 1-0

[Event "Tamil Nadu IM 9th"]
[Site "Chennai"]
[Date "2023.12.14"]
[Round "8"]
[White "Abdyzhapar, Asylbek"]
[Black "Karthik, Rajaa"]
[Result "1-0"]
[WhiteElo "2340"]
[BlackElo "2303"]
[PlyCount "99"]
[EventDate "2023.12.10"]
[EventType "tourn"]
[EventRounds "9"]
[EventCountry "IND"]
[EventCategory "2"]
[SourceTitle "CBM 217 Extra"]
[Source "ChessBase"]
[SourceDate "2024.01.31"]
[SourceVersion "1"]
[SourceVersionDate "2024.01.31"]
[SourceQuality "1"]

1. d4 Nf6 2. Nf3 e6 3. Bf4 c5 4. e3 Nc6 5. Nbd2 h6 6. c3 Nh5 7. Bg3 Nxg3 8. hxg3 d5 9. Bd3 Qb6 10. Rb1 Bd7 11. Qe2 a5 12. g4 a4 13. g5 g6 14. e4 0-0-0 15. dxc5 Qxc5 16. b4 Qxc3 17. 0-0 Kb8 18. Rfc1 Qg7 19. Bb5 hxg5 20. Bxc6 Bxc6 21. Rxc6 bxc6 22. Qa6 Rd7 23. b5 Rb7 24. Qxa4 cxb5 25. Qa5 Bd6 26. Qa6 Rd8 27. Nb3 Bc7 28. Nfd4 Rd6 29. Nc6+ Rxc6 30. Qxc6 Bb6 31. exd5 Qf6 32. Nc5 Bxc5 33. Qxc5 exd5 34. Qxd5 Qe6 35. Qxg5 Ka7 36. g3 Qf5 37. Qe3+ Ka6 38. Rb3 b4 39. a3 Rd7 40. Rxb4 Rd1+ 41. Kh2 Qh5+ 42. Rh4 Qb5 43. Qf3 Qd5 44. Qxd5 Rxd5 45. Rf4 f5 46. Kh3 g5 47. Rb4 Rd3 48. a4 Rf3 49. Kg2 g4 50. Rf4 1-0

[Event "Tamil Nadu IM 9th"]
[Site "Chennai"]
[Date "2023.12.12"]
[Round "4"]
[White "Abdyzhapar, Asylbek"]
[Black "Balasubramaniam, H."]
[Result "1/2-1/2"]
[WhiteElo "2340"]
[BlackElo "2213"]
[PlyCount "67"]
[EventDate "2023.12.10"]
[EventType "tourn"]
[EventRounds "9"]
[EventCountry "IND"]
[EventCategory "2"]
[SourceTitle "CBM 217 Extra"]
[Source "ChessBase"]
[SourceDate "2024.01.31"]
[SourceVersion "1"]
[SourceVersionDate "2024.01.31"]
[SourceQuality "1"]

1. d4 Nf6 2. c4 e6 3. Nf3 c5 4. d5 exd5 5. cxd5 d6 6. e4 g6 7. Bd3 Bg7 8. 0-0 0-0 9. Nbd2 Bg4 10. Qb3 Bxf3 11. Nxf3 b6 12. h3 Nbd7 13. Bf4 Qe7 14. Rae1 Ne8 15. Bb5 Nc7 16. Bc6 Rad8 17. Bg5 Bf6 18. Bxf6 Nxf6 19. e5 dxe5 20. Nxe5 Qd6 21. Nc4 Qf4 22. Ne3 Qd6 23. Rd1 b5 24. Rfe1 a6 25. Qc2 Nd7 26. Rc1 Ne5 27. b3 Nxc6 28. Qxc5 Nxd5 29. Nxd5 Qxd5 30. Qxc6 Qd6 31. a4 bxa4 32. bxa4 Qb4 33. Re4 Qd2 34. Qc3 1/2-1/2

[Event "Tamil Nadu IM 9th"]
[Site "Chennai"]
[Date "2023.12.11"]
[Round "3"]
[White "Abdyzhapar, Asylbek"]
[Black "Ziatdinov, Raset"]
[Result "0-1"]
[WhiteElo "2340"]
[BlackElo "2106"]
[PlyCount "90"]
[EventDate "2023.12.10"]
[EventType "tourn"]
[EventRounds "9"]
[EventCountry "IND"]
[EventCategory "2"]
[SourceTitle "CBM 217 Extra"]
[Source "ChessBase"]
[SourceDate "2024.01.31"]
[SourceVersion "1"]
[SourceVersionDate "2024.01.31"]
[SourceQuality "1"]

1. d4 d5 2. c4 e6 3. Nc3 Be7 4. Nf3 Nf6 5. Bf4 0-0 6. e3 Nc6 7. Be2 dxc4 8. Bxc4 a6 9. 0-0 b5 10. Be2 Bb7 11. Rc1 Rc8 12. h3 Nb4 13. a4 c6 14. Ne5 Nd7 15. Nxd7 Qxd7 16. Ne4 Rfd8 17. Nc5 Bxc5 18. dxc5 Nd5 19. Bd6 a5 20. e4 Nb4 21. Rc3 Ba6 22. Rg3 f6 23. Qd4 Qf7 24. Qd1 Ra8 25. Bh5 g6 26. Be2 Re8 27. h4 bxa4 28. Bxa6 Rxa6 29. h5 Ra7 30. f4 Qg7 31. Qxa4 g5 32. e5 h6 33. exf6 Qxf6 34. Qd1 Rf7 35. Rff3 Qxb2 36. fxg5 Rf5 37. gxh6+ Kh8 38. Ra3 Nd5 39. Rxa5 Ne3 40. Rxe3 Qf2+ 41. Kh2 Qxe3 42. Ra4 Rg8 43. Ra7 Rxg2+ 44. Kxg2 Rf2+ 45. Kh1 Qh3+ 0-1

[Event "Tamil Nadu IM 8th"]
[Site "Chennai"]
[Date "2023.12.08"]
[Round "9"]
[White "Abdyzhapar, Asylbek"]
[Black "Fedorov, Alexei"]
[Result "1/2-1/2"]
[WhiteElo "2340"]
[BlackElo "2454"]
[PlyCount "31"]
[EventDate "2023.12.03"]
[EventType "tourn"]
[EventRounds "9"]
[EventCountry "IND"]
[EventCategory "1"]
[SourceTitle "CBM 217 Extra"]
[Source "ChessBase"]
[SourceDate "2024.01.31"]
[SourceVersion "1"]
[SourceVersionDate "2024.01.31"]
[SourceQuality "1"]

1. e4 c5 2. Nf3 e6 3. d4 cxd4 4. Nxd4 Nf6 5. Nc3 Nc6 6. Ndb5 d6 7. Bf4 e5 8. Bg5 a6 9. Na3 b5 10. Nd5 Qa5+ 11. Bd2 Qd8 12. Bg5 Qa5+ 13. Bd2 Qd8 14. Bg5 Qa5+ 15. Bd2 Qd8 16. Bg5 1/2-1/2